000
00285nam a2200121Ia 4500
005
20260328104301.0
008
260328s9999||||xx |||||||||||||| ||und||
100
_a
Hasting, Julia
245
0
_a
Art & Place /
_c
Julia Hasting
260
_b
Phaidon
650
_a
FOTOGRAFÍA
942
_c
BK
999
_c
10602
_d
10602